[Event "Bodensee Seniors op 6th"]
[Site "Bregenz"]
[Date "2022.05.26"]
[Round "5"]
[White "Schmidt, Matthias"]
[Black "Goldinger, Peter"]
[Result "1/2-1/2"]
[WhiteElo "1902"]
[BlackElo "2063"]
[PlyCount "48"]
[EventDate "2022.05.22"]
[EventType "swiss"]
[EventRounds "7"]
[EventCountry "AUT"]
[SourceTitle "CBM 208 Extra"]
[Source "ChessBase"]
[SourceDate "2022.07.31"]
[SourceVersion "1"]
[SourceVersionDate "2022.07.31"]
[SourceQuality "1"]

1. d4 e6 2. Nf3 f5 3. g3 Nf6 4. Bg2 Be7 5. c4 d6 6. Nc3 0-0 7. 0-0 c6 8. Qc2 Qe8 9. e4 Nxe4 10. Nxe4 fxe4 11. Qxe4 e5 12. dxe5 Bf5 13. Qd4 dxe5 14. Qxe5 Nd7 15. Qe3 Bc5 16. Qxe8 Raxe8 17. Be3 Bxe3 18. fxe3 Rxe3 19. Nd4 Bg4 20. Rxf8+ Nxf8 21. h3 Bd7 22. Kf2 Rd3 23. Nf3 Be6 24. Bf1 Rd8 1/2-1/2

[Event "Bodensee Seniors op 6th"]
[Site "Bregenz"]
[Date "2022.05.23"]
[Round "2"]
[White "Laengl, Juergen"]
[Black "Schmidt, Matthias"]
[Result "1-0"]
[WhiteElo "2206"]
[BlackElo "1902"]
[PlyCount "61"]
[EventDate "2022.05.22"]
[EventType "swiss"]
[EventRounds "7"]
[EventCountry "AUT"]
[SourceTitle "CBM 208 Extra"]
[Source "ChessBase"]
[SourceDate "2022.07.31"]
[SourceVersion "1"]
[SourceVersionDate "2022.07.31"]
[SourceQuality "1"]

1. d4 Nf6 2. Nc3 d5 3. Bg5 Nbd7 4. Nf3 h6 5. Bh4 e6 6. e3 Be7 7. Bd3 c5 8. 0-0 a6 9. a4 Nh5 10. Bxe7 Qxe7 11. Ne5 Nxe5 12. dxe5 g6 13. f4 Ng7 14. Kh1 Bd7 15. e4 d4 16. Nb1 Bc6 17. Nd2 0-0-0 18. Qe2 f5 19. exf6 Qxf6 20. Nc4 Rhf8 21. Ne5 Kc7 22. a5 Nh5 23. g3 Be8 24. Rab1 g5 25. fxg5 Qg7 26. Rxf8 Qxf8 27. g6 Nf6 28. Rf1 Qg7 29. Qf3 Nd7 30. Nf7 Ne5 31. Nxd8 1-0

[Event "Erfurt ST op 27th"]
[Site "Erfurt"]
[Date "2017.12.30"]
[Round "5"]
[White "Schmidt, Matthias"]
[Black "Bonacic, Nenad"]
[Result "0-1"]
[WhiteElo "1984"]
[BlackElo "2152"]
[PlyCount "98"]
[EventDate "2017.12.26"]
[EventType "swiss"]
[EventRounds "5"]
[EventCountry "GER"]
[SourceTitle "CBM 182 Extra"]
[Source "ChessBase"]
[SourceDate "2018.02.23"]
[SourceVersion "1"]
[SourceVersionDate "2018.02.23"]
[SourceQuality "1"]

1. e4 c5 2. b3 Nc6 3. Bb2 e5 4. Nc3 g6 5. Nf3 Bg7 6. Bb5 a6 7. Bxc6 bxc6 8. 0-0 Ne7 9. Qe2 0-0 10. Nd1 d6 11. Ne3 h6 12. c3 a5 13. d3 f5 14. exf5 gxf5 15. Nc4 Ng6 16. Bc1 Be6 17. d4 cxd4 18. cxd4 e4 19. Ba3 Nf4 20. Qd2 Bxc4 21. bxc4 Nd3 22. Ne1 Nb4 23. Rd1 f4 24. Nc2 f3 25. Nxb4 axb4 26. Bxb4 Qf6 27. a3 Qg6 28. g3 Qg4 29. Kh1 Rf5 30. Rg1 c5 31. dxc5 dxc5 32. Qd7 cxb4 33. axb4 e3 34. Qe6+ Kh8 35. Qxe3 Raf8 36. Qe6 R8f6 37. Rd8+ Bf8 38. Qc8 Kg8 39. b5 Qe4 40. Rd7 Rh5 41. Rd8 Qe2 42. Qg4+ Rg5 43. Qd4 Qe5 44. Qd3 Qc5 45. Rd7 Qf5 46. Rd1 Qxd3 47. R1xd3 Re5 48. h4 Re1+ 49. Kh2 Rf1 0-1

[Event "Korbach op 9th"]
[Site "Korbach"]
[Date "2017.10.22"]
[Round "7"]
[White "Schmidt, Matthias"]
[Black "Tschoepe, Nino"]
[Result "1/2-1/2"]
[WhiteElo "1998"]
[BlackElo "1978"]
[PlyCount "20"]
[EventDate "2017.10.19"]
[EventType "swiss"]
[EventRounds "7"]
[EventCountry "GER"]
[SourceTitle "CBM 181 Extra"]
[Source "ChessBase"]
[SourceDate "2017.12.12"]
[SourceVersion "1"]
[SourceVersionDate "2017.12.12"]
[SourceQuality "1"]

1. e4 e5 2. Nc3 Nf6 3. Bc4 Bc5 4. d3 c6 5. Bb3 b5 6. a3 d6 7. h3 0-0 8. Nf3 Re8 9. 0-0 h6 10. Be3 Nbd7 1/2-1/2

[Event "Korbach op 9th"]
[Site "Korbach"]
[Date "2017.10.20"]
[Round "2"]
[White "Powalla, Christian"]
[Black "Schmidt, Matthias"]
[Result "1/2-1/2"]
[WhiteElo "1816"]
[BlackElo "1998"]
[PlyCount "85"]
[EventDate "2017.10.19"]
[EventType "swiss"]
[EventRounds "7"]
[EventCountry "GER"]
[SourceTitle "CBM 181 Extra"]
[Source "ChessBase"]
[SourceDate "2017.12.12"]
[SourceVersion "1"]
[SourceVersionDate "2017.12.12"]
[SourceQuality "1"]

1. e4 c5 2. c3 e6 3. d4 d5 4. exd5 exd5 5. Nf3 Nf6 6. Be2 Be7 7. 0-0 0-0 8. h3 Nc6 9. Be3 cxd4 10. Nxd4 Ne5 11. Nd2 Bd7 12. f4 Nc6 13. Kh1 Qc8 14. g4 Re8 15. Bd3 Ba3 16. Qf3 Bxb2 17. g5 Ne4 18. Bxe4 dxe4 19. Nxe4 Rxe4 20. Qxe4 Nxd4 21. Qxd4 Bxc3 22. Qc5 Bc6+ 23. Kh2 Bxa1 24. Rxa1 Qd7 25. Rc1 Qe6 26. Rc2 Re8 27. Bd4 Qe4 28. Be5 f6 29. gxf6 gxf6 30. Bc7 Qh1+ 31. Kg3 Kf7 32. Qh5+ Kg8 33. Re2 Rxe2 34. Qxe2 Bd7 35. Qg2 Qe1+ 36. Kh2+ Kf7 37. Qxb7 Qe6 38. Qg2 Bc6 39. Qc2 Be4 40. Qb3 Bd5 41. Qd3 f5 42. a3 Be4 43. Qe2 1/2-1/2

[Event "Korbach op 9th"]
[Site "Korbach"]
[Date "2017.10.20"]
[Round "3"]
[White "Schmidt, Matthias"]
[Black "Held, Martin"]
[Result "1-0"]
[WhiteElo "1998"]
[BlackElo "1821"]
[PlyCount "43"]
[EventDate "2017.10.19"]
[EventType "swiss"]
[EventRounds "7"]
[EventCountry "GER"]
[SourceTitle "CBM 181 Extra"]
[Source "ChessBase"]
[SourceDate "2017.12.12"]
[SourceVersion "1"]
[SourceVersionDate "2017.12.12"]
[SourceQuality "1"]

1. e4 e5 2. Nc3 Nf6 3. Bc4 Nxe4 4. Qh5 Nd6 5. Bb3 Nc6 6. Nb5 g6 7. Qf3 f5 8. Qd5 Qe7 9. Nxc7+ Kd8 10. Nxa8 b6 11. Qd3 Bb7 12. Nxb6 Nb4 13. Qf1 axb6 14. a3 Ba6 15. Ne2 Nc6 16. Qg1 Nd4 17. d3 Nxe2 18. Kxe2 e4 19. Kd1 Bg7 20. f3 exd3 21. Qxb6+ Ke8 22. Re1 1-0

[Event "London CC Intermediate"]
[Site "London"]
[Date "2016.04.04"]
[Round "1.1"]
[White "Balouka Myers, Gabriel"]
[Black "Schmidt, Matthias"]
[Result "0-1"]
[WhiteElo "1624"]
[BlackElo "1974"]
[PlyCount "68"]
[EventDate "2016.04.04"]
[EventType "swiss"]
[EventRounds "5"]
[EventCountry "ENG"]
[SourceTitle "EXT 2023"]
[Source "ChessBase"]
[SourceDate "2022.10.05"]
[SourceVersion "1"]
[SourceVersionDate "2022.10.05"]
[SourceQuality "1"]

1. Nf3 Nf6 2. g3 g6 3. d4 Bg7 4. c4 0-0 5. Bg2 d6 6. Nc3 Nbd7 7. 0-0 c6 8. e4 e5 9. h3 Qb6 10. d5 c5 11. Ne1 a6 12. Nd3 Qc7 13. f4 Nh5 14. Kh2 exf4 15. gxf4 Nb6 16. Bf3 Nf6 17. e5 Ne8 18. exd6 Nxd6 19. Be3 Nbxc4 20. Bxc5 Nxb2 21. Bxd6 Qxd6 22. Nxb2 Bxc3 23. Qc1 Qf6 24. Rb1 Bf5 25. Nd1 Bxb1 26. Nxc3 Rac8 27. Qxb1 Qxf4+ 28. Kg1 Rxc3 29. Bg2 Qd4+ 30. Kh1 b5 31. Rd1 Qf2 32. d6 Rc2 33. Rg1 Rd2 34. Qb4 Rd8 0-1

[Event "Erfurt HT op 24th"]
[Site "Erfurt"]
[Date "2014.12.29"]
[Round "7"]
[White "Schmidt, Matthias"]
[Black "Klaus, Christian"]
[Result "0-1"]
[WhiteElo "2024"]
[BlackElo "2082"]
[PlyCount "80"]
[EventDate "2014.12.26"]
[EventType "swiss"]
[EventRounds "8"]
[EventCountry "GER"]
[SourceTitle "CBM 164 Extra"]
[Source "ChessBase"]
[SourceDate "2015.03.02"]
[SourceVersion "1"]
[SourceVersionDate "2015.03.02"]
[SourceQuality "1"]

1. e4 g6 2. d4 Bg7 3. Nf3 d6 4. h3 a6 5. a4 b6 6. Bc4 e6 7. Nc3 Ne7 8. 0-0 0-0 9. Bg5 h6 10. Be3 Bb7 11. Qd2 Kh7 12. Nh2 d5 13. exd5 exd5 14. Bd3 c5 15. Nd1 cxd4 16. Bf4 Nd7 17. Nf3 Nc5 18. Be5 Nc6 19. Bxg7 Kxg7 20. Re1 Qf6 21. a5 Nxa5 22. Qb4 Nc4 23. Bxc4 a5 24. Qd2 dxc4 25. Qxd4 Bxf3 26. Qxf6+ Kxf6 27. gxf3 Ne6 28. Ne3 b5 29. Red1 a4 30. Rd5 Rab8 31. Kh2 Rfd8 32. Rad1 Ke7 33. Kg3 f5 34. f4 Rxd5 35. Rxd5 Nc7 36. Re5+ Kd6 37. h4 h5 38. Nd1 Re8 39. Re3 Rxe3+ 40. fxe3 b4 0-1

[Event "Erfurt HT op 24th"]
[Site "Erfurt"]
[Date "2014.12.28"]
[Round "5"]
[White "Schmidt, Matthias"]
[Black "Grund, Erwin"]
[Result "1/2-1/2"]
[WhiteElo "2024"]
[BlackElo "2046"]
[PlyCount "49"]
[EventDate "2014.12.26"]
[EventType "swiss"]
[EventRounds "8"]
[EventCountry "GER"]
[SourceTitle "CBM 164 Extra"]
[Source "ChessBase"]
[SourceDate "2015.03.02"]
[SourceVersion "1"]
[SourceVersionDate "2015.03.02"]
[SourceQuality "1"]

1. e4 d5 2. exd5 Qxd5 3. Qf3 c6 4. Nc3 Qxf3 5. Nxf3 Nf6 6. Bc4 e6 7. d4 Nbd7 8. 0-0 Nb6 9. Bb3 Bb4 10. Ne2 0-0 11. c4 Be7 12. h3 Nbd7 13. Nc3 b6 14. Re1 Bb4 15. Bd2 Bb7 16. a3 Bd6 17. Ne5 Rfd8 18. Rad1 a6 19. Bg5 h6 20. Nxd7 Rxd7 21. Bxf6 gxf6 22. d5 cxd5 23. cxd5 exd5 24. Bxd5 Be5 25. Bxb7 1/2-1/2

[Event "Leipzig VfB op 21st"]
[Site "Leipzig"]
[Date "2014.03.07"]
[Round "6"]
[White "Schulz, Stefan1"]
[Black "Schmidt, Matthias"]
[Result "1/2-1/2"]
[WhiteElo "1791"]
[BlackElo "2008"]
[PlyCount "66"]
[EventDate "2014.03.04"]
[EventType "tourn"]
[EventRounds "9"]
[EventCountry "GER"]
[SourceTitle "CBM 159 Extra"]
[Source "ChessBase"]
[SourceDate "2014.04.24"]
[SourceVersion "1"]
[SourceVersionDate "2014.04.24"]
[SourceQuality "1"]

1. e4 c5 2. Nf3 d6 3. d4 cxd4 4. Nxd4 Nf6 5. Nc3 g6 6. Be3 Bg7 7. f3 Nc6 8. Qd2 Bd7 9. Bc4 0-0 10. 0-0-0 Rb8 11. Bb3 Na5 12. Bh6 b5 13. g4 Nxb3+ 14. Nxb3 a5 15. Bxg7 Kxg7 16. h4 b4 17. Nd5 Nxd5 18. exd5 Qc7 19. h5 Rh8 20. h6+ Kf8 21. Kb1 a4 22. Nd4 Qc4 23. Ne2 Rg8 24. Qd3 Qxd3 25. Rxd3 g5 26. Ng3 Rg6 27. b3 axb3 28. cxb3 Bb5 29. Re3 e5 30. Kb2 Ke7 31. Nf5+ Kd7 32. Rc1 Rgg8 33. Ng3 Rg6 1/2-1/2

[Event "Leipzig VfB op 21st"]
[Site "Leipzig"]
[Date "2014.03.05"]
[Round "3"]
[White "Hofmann, Helge"]
[Black "Schmidt, Matthias"]
[Result "0-1"]
[WhiteElo "1823"]
[BlackElo "2008"]
[PlyCount "90"]
[EventDate "2014.03.04"]
[EventType "tourn"]
[EventRounds "9"]
[EventCountry "GER"]
[SourceTitle "CBM 159 Extra"]
[Source "ChessBase"]
[SourceDate "2014.04.24"]
[SourceVersion "1"]
[SourceVersionDate "2014.04.24"]
[SourceQuality "1"]

1. e4 c5 2. Nf3 d6 3. d4 cxd4 4. Nxd4 Nf6 5. Nc3 g6 6. Be3 Bg7 7. f3 Nc6 8. Qd2 Bd7 9. Bc4 0-0 10. Bb3 Rc8 11. 0-0-0 Ne5 12. h4 Nc4 13. Bxc4 Rxc4 14. g4 h5 15. Bh6 Nxe4 16. Nxe4 Rxd4 17. Qxd4 Bxd4 18. Rxd4 Re8 19. gxh5 Bf5 20. hxg6 fxg6 21. Ng3 Qc8 22. Nxf5 Qxf5 23. Rf4 Qh5 24. Bg5 Rf8 25. Rxf8+ Kxf8 26. Re1 e5 27. f4 exf4 28. Rf1 f3 29. Kd2 Qg4 30. Ke3 Qe6+ 31. Kxf3 Qxa2 32. Ke3+ Kg7 33. Bf6+ Kg8 34. Kd2 Qc4 35. Rf2 b5 36. b3 Qb4+ 37. Kd3 Qe1 38. Re2 Qd1+ 39. Ke3 a5 40. Bg5 a4 41. Rd2 Qe1+ 42. Kd3 a3 43. Re2 Qd1+ 44. Bd2 a2 45. Re1 a1Q 0-1

[Event "Schwarzach op-B 26th"]
[Site "Schwarzach"]
[Date "2011.08.28"]
[Round "9.6"]
[White "Loeffler, Alois"]
[Black "Schmidt, Matthias"]
[Result "1/2-1/2"]
[WhiteElo "2057"]
[BlackElo "1982"]
[PlyCount "76"]
[EventDate "2011.08.20"]
[EventType "swiss"]
[EventRounds "9"]
[EventCountry "AUT"]
[SourceTitle "EXT 2024"]
[Source "ChessBase"]
[SourceDate "2023.10.10"]
[SourceVersion "1"]
[SourceVersionDate "2023.10.10"]
[SourceQuality "1"]

1. e4 e6 2. d4 d5 3. e5 c5 4. Nf3 Nc6 5. Bd3 cxd4 6. a3 Qc7 7. Bf4 f5 8. h4 Nh6 9. b4 Nf7 10. Qe2 a6 11. h5 g5 12. hxg6 hxg6 13. Rxh8 Nxh8 14. Nbd2 Nf7 15. Nb3 g5 16. Nxg5 Nxg5 17. Bxg5 Qxe5 18. 0-0-0 Qxe2 19. Bxe2 Be7 20. Bh5+ Kd8 21. Bxe7+ Kxe7 22. f4 b6 23. Nxd4 Nxd4 24. Rxd4 Bd7 25. Bf3 Rc8 26. Kd2 Bb5 27. g4 fxg4 28. Bxg4 Rc4 29. c3 Kf6 30. Bd1 Rc7 31. Bc2 Rg7 32. f5 Rg2+ 33. Kc1 Rh2 34. fxe6 Kxe6 35. Rg4 Rh6 36. Rg2 Bc4 37. Kb2 Ke5 38. Rd2 Kf4 1/2-1/2

[Event "Schwarzach op-B 26th"]
[Site "Schwarzach"]
[Date "2011.08.25"]
[Round "6.6"]
[White "Helmschrott, Otto"]
[Black "Schmidt, Matthias"]
[Result "1/2-1/2"]
[WhiteElo "2054"]
[BlackElo "1982"]
[PlyCount "41"]
[EventDate "2011.08.20"]
[EventType "swiss"]
[EventRounds "9"]
[EventCountry "AUT"]
[SourceTitle "EXT 2024"]
[Source "ChessBase"]
[SourceDate "2023.10.10"]
[SourceVersion "1"]
[SourceVersionDate "2023.10.10"]
[SourceQuality "1"]

1. e4 e6 2. d4 d5 3. exd5 exd5 4. c4 Nf6 5. Nc3 Bb4 6. a3 Bxc3+ 7. bxc3 0-0 8. Nf3 Re8+ 9. Be2 Ne4 10. Bb2 dxc4 11. 0-0 b5 12. a4 c6 13. Ne5 f6 14. Ng4 Bf5 15. Ne3 Bg6 16. h4 Ng3 17. fxg3 Rxe3 18. Bf3 bxa4 19. Qxa4 Bd3 20. Rfe1 Rxe1+ 21. Rxe1 1/2-1/2

[Event "Schwarzach op-B 26th"]
[Site "Schwarzach"]
[Date "2011.08.24"]
[Round "5.3"]
[White "Schmidt, Matthias"]
[Black "Welde, Kevin"]
[Result "0-1"]
[WhiteElo "1982"]
[BlackElo "2002"]
[PlyCount "92"]
[EventDate "2011.08.20"]
[EventType "swiss"]
[EventRounds "9"]
[EventCountry "AUT"]
[SourceTitle "EXT 2024"]
[Source "ChessBase"]
[SourceDate "2023.10.10"]
[SourceVersion "1"]
[SourceVersionDate "2023.10.10"]
[SourceQuality "1"]

1. d4 Nf6 2. c4 g6 3. Nc3 d5 4. cxd5 Nxd5 5. e4 Nxc3 6. bxc3 c5 7. Be3 Bg7 8. Nf3 Qa5 9. Qd2 Nc6 10. Rb1 cxd4 11. cxd4 Qxd2+ 12. Kxd2 0-0 13. d5 Rd8 14. Bd3 Ne5 15. Nxe5 Bxe5 16. Ke2 b6 17. f4 Bg7 18. Rbc1 e6 19. Bc4 exd5 20. Bxd5 Ba6+ 21. Kf3 Rac8 22. Rxc8 Rxc8 23. Rc1 Rxc1 24. Bxc1 Bf8 25. g4 Bc5 26. f5 Kf8 27. f6 Bc8 28. e5 Ke8 29. h4 a5 30. h5 Bd7 31. hxg6 hxg6 32. g5 b5 33. Be3 Ba3 34. Ke4 Bb2 35. Bb7 b4 36. Bc5 Bc3 37. Bd4 Bd2 38. Be3 Bxe3 39. Kxe3 Be6 40. Bc6+ Kd8 41. Kd4 Bxa2 42. Kc5 Be6 43. Kb5 b3 44. Kxa5 b2 45. Be4 Bf5 46. e6 fxe6 0-1